| 000 -LEADER |
| fixed length control field |
02078cam a22004817i 4500 |
| 001 - CONTROL NUMBER |
| control field |
18389270 |
| 005 - DATE AND TIME OF LATEST TRANSACTION |
| control field |
20260427163705.0 |
| 008 - FIXED-LENGTH DATA ELEMENTS--GENERAL INFORMATION |
| fixed length control field |
141128s2013 nyua 001 0 eng d |
| 010 ## - LIBRARY OF CONGRESS CONTROL NUMBER |
| LC control number |
2014497235 |
| 020 ## - INTERNATIONAL STANDARD BOOK NUMBER |
| International Standard Book Number |
9780241298817 |
| 035 ## - SYSTEM CONTROL NUMBER |
| System control number |
18389270 |
| 035 ## - SYSTEM CONTROL NUMBER |
| System control number |
(OCoLC)827841930 |
| 038 ## - RECORD CONTENT LICENSOR |
| Staff Name |
Malang Jan |
| 040 ## - CATALOGING SOURCE |
| Original cataloging agency |
YDXCP |
| Language of cataloging |
eng |
| Transcribing agency |
YDXCP |
| Description conventions |
rda |
| Modifying agency |
BTCTA |
| -- |
BDX |
| -- |
GK8 |
| -- |
OWL |
| -- |
ZJF |
| -- |
CGP |
| -- |
OCLCO |
| -- |
OQX |
| -- |
CLE |
| -- |
ZGV |
| -- |
OCLCF |
| -- |
XFG |
| -- |
OCLCO |
| -- |
DLC |
| 042 ## - AUTHENTICATION CODE |
| Authentication code |
lccopycat |
| 050 00 - LIBRARY OF CONGRESS CALL NUMBER |
| Classification number |
TS171.6 |
| Item number |
.W55 2013 |
| 082 04 - DEWEY DECIMAL CLASSIFICATION NUMBER |
| Classification number |
745.2 |
| Edition number |
23 |
| 100 1# - MAIN ENTRY--PERSONAL NAME |
| Personal name |
Wilkinson,Philip. |
| 9 (RLIN) |
134259 |
| 245 10 - TITLE STATEMENT |
| Title |
Great design : |
| Remainder of title |
the world's best design explored & explained/ |
| Statement of responsibility, etc. |
written by Philip Wilkinson. |
| 246 14 - VARYING FORM OF TITLE |
| Title proper/short title |
Great design : |
| Remainder of title |
the world's best design explored & explained |
| 250 ## - EDITION STATEMENT |
| Edition statement |
First American edition. |
| 264 #1 - PRODUCTION, PUBLICATION, DISTRIBUTION, MANUFACTURE, AND COPYRIGHT NOTICE |
| Place of production, publication, distribution, manufacture |
New York : |
| Name of producer, publisher, distributor, manufacturer |
DK Publishing, |
| Date of production, publication, distribution, manufacture, or copyright notice |
2019. |
| 300 ## - PHYSICAL DESCRIPTION |
| Extent |
256 pages : |
| Other physical details |
color illustrations ; |
| Dimensions |
31 cm |
| 336 ## - CONTENT TYPE |
| Content type term |
text |
| Content type code |
txt |
| Source |
rdacontent |
| 337 ## - MEDIA TYPE |
| Media type term |
unmediated |
| Media type code |
n |
| Source |
rdamedia |
| 338 ## - CARRIER TYPE |
| Carrier type term |
volume |
| Carrier type code |
nc |
| Source |
rdacarrier |
| 500 ## - GENERAL NOTE |
| General note |
Includes index. |
| 505 0# - FORMATTED CONTENTS NOTE |
| Formatted contents note |
1860-1919 -- 1920-1929 -- 1930-1939 -- 1940-1954 -- 1955-1959 -- 1960-1979 -- 1980-1995 -- 1996 to present. |
| 520 ## - SUMMARY, ETC. |
| Summary, etc. |
"The ultimate illustrated guide to more than 100 icons of international design from the everyday to the avant-garde, from the Barcelona chair and the Ekco radio to the Citroën DS and the iPad."--Page 4 of cover. |
| 650 #0 - SUBJECT ADDED ENTRY--TOPICAL TERM |
| Topical term or geographic name entry element |
Product design. |
| 650 #0 - SUBJECT ADDED ENTRY--TOPICAL TERM |
| Topical term or geographic name entry element |
Interior decoration. |
| 650 #0 - SUBJECT ADDED ENTRY--TOPICAL TERM |
| Topical term or geographic name entry element |
Furniture. |
| 9 (RLIN) |
33409 |
| 650 #0 - SUBJECT ADDED ENTRY--TOPICAL TERM |
| Topical term or geographic name entry element |
Graphic design (Typography) |
| 9 (RLIN) |
34247 |
| 650 #0 - SUBJECT ADDED ENTRY--TOPICAL TERM |
| Topical term or geographic name entry element |
Textile fabrics. |
| 9 (RLIN) |
32744 |
| 650 #7 - SUBJECT ADDED ENTRY--TOPICAL TERM |
| Topical term or geographic name entry element |
Furniture. |
| Source of heading or term |
fast |
| Authority record control number or standard number |
(OCoLC)fst00936488 |
| 9 (RLIN) |
33409 |
| 650 #7 - SUBJECT ADDED ENTRY--TOPICAL TERM |
| Topical term or geographic name entry element |
Graphic design (Typography) |
| Source of heading or term |
fast |
| Authority record control number or standard number |
(OCoLC)fst00946640 |
| 9 (RLIN) |
34247 |
| 650 #7 - SUBJECT ADDED ENTRY--TOPICAL TERM |
| Topical term or geographic name entry element |
Interior decoration. |
| Source of heading or term |
fast |
| Authority record control number or standard number |
(OCoLC)fst00976327 |
| 9 (RLIN) |
134273 |
| 650 #7 - SUBJECT ADDED ENTRY--TOPICAL TERM |
| Topical term or geographic name entry element |
Textile fabrics. |
| Source of heading or term |
fast |
| Authority record control number or standard number |
(OCoLC)fst01148636 |
| 9 (RLIN) |
32744 |
| 906 ## - LOCAL DATA ELEMENT F, LDF (RLIN) |
| a |
7 |
| b |
cbc |
| c |
copycat |
| d |
2 |
| e |
ncip |
| f |
20 |
| g |
y-gencatlg |
| 942 ## - ADDED ENTRY ELEMENTS (KOHA) |
| Source of classification or shelving scheme |
|
| Koha item type |
Book |